000 00334cam a22000977a 4500
008 180718b xxu||||| |||| 00| 0 eng d
082 _aR11x54 In2o/10
245 _aReport on shortage occupations
_cby Ministry of Labour and Employment
260 _aNew Delhi
_bNational Emploment Service
_c
700 _aIndia. Ministry of Labour and Employment
999 _c495544
_d495544